Online Catalogue and eLibrary

When the Moon Waxes Red: (Record no. 1175)

MARC details
000 -LEADER
fixed length control field 00477nam a2200181Ia 4500
005 - DATE AND TIME OF LATEST TRANSACTION
control field 20250325063954.0
008 - FIXED-LENGTH DATA ELEMENTS--GENERAL INFORMATION
fixed length control field 240331s9999 xx 000 0 und d
020 ## - INTERNATIONAL STANDARD BOOK NUMBER
ISBN 0415904315
082 ## - DDC Classification
Class No. 302.234
Item Number - Author Mark MIN
DDC Edition Number 3891
100 ## - MAIN ENTRY--PERSONAL NAME
Personal name Minh-Ha, T. T
245 #0 - TITLE STATEMENT
Title When the Moon Waxes Red:
Remainder of title Representation, Gender and Cultural Politics
260 ## - PUBLICATION, DISTRIBUTION, ETC.
Place of publication, distribution, etc. London;
-- New York,
Name of publisher, distributor, etc. Routledge
Date of publication, distribution, etc. 1991
300 ## - PHYSICAL DESCRIPTION
Extent (e.g. Volumes, Pages etc.) x, 252 p.,
650 ## - SUBJECT ADDED ENTRY--TOPICAL TERM
Topical term or geographic name entry element Gender
650 ## - SUBJECT ADDED ENTRY--TOPICAL TERM
Topical term or geographic name entry element Women
650 ## - SUBJECT ADDED ENTRY--TOPICAL TERM
Topical term or geographic name entry element Film
942 ## - Koha item type (Biblio)
Koha item type Books in Stacks (Lending)
Holdings
Lost status Damaged status Collection code Home library Current library Shelving location Date acquired Full call number Accession Number Item type
    Lending WERC Library WERC Library Social Science Cupboard 03/31/2024 302.234 MIN 3891 Books in Stacks (Lending)

© WERC Library